1259 1853 1943 1356 1154 1653 1869 1537 1008 1289 1528 1063 1658 1164 1030 1895 1385 1472 1501 1500 1358 1662 1067 1748 1993 1960 1668 1998 1419 1962 1703 1739 1602 1415 1038 1758 1067 1624 1618 1210 1410 1131 1192 1404 1290 1061 1222 1080 1011 1927 1410 1447 1104 1612 1444 1333 1992 1932 1593 1796 1703 1877 1657 1748 1452 1719 1359 1340 1237 1186 1775 1535 1985 1951 1804 1461 1603 1430 1294 1929 1854 1609 1813 1677 1902 1731 1384 1442 1733 1946 1139 1042 1744 1001 1651 1785 1577 1718 1343 BCNSPRNW ULIB Ver.6.0+V

เปลี่ยนเป็นภาษาไทย

Change to English
 แสดงรายละเอียดบรรณานุกรม
  กลับหน้าหลัก

Brief Record : Get Marc (ISO 2709) : E-mail record : QR code < ปิดหน้าต่าง
LEADER : 00000nam 2200000uu 4500
001    13399122167
003     ULIB
008    130108s2550||||th 000 0 tha d
020    ^a9786167221403
060 04 ^aWB537^bว775ค
100 0  ^aวิสันต์ ท้าวสูงเนิน
245 10 ^aคัมภีร์นวดแผนโบราณ :^bตำราการนวดบำบัดรักษาโรคแผนโบราณ = Thai traditional massage : the massage therapy /^cเรียบเรียงโดย วิสันต์ ท้าวสูงเนิน ; ภาพโดย แปลก เข็มพิลา
246 31 ^aThai traditional massage :^bthe massage therapy
260    ^a[นนทบุรี] :^bวีทีเอส,^c2555
300    ^a311 หน้า :^bภาพประกอบ ;^c26 ซม.
650  4 ^aการบำบัดด้วยการนวด
650  4 ^aการนวด
650  4 ^aการนวด^zไทย
945    ^p0^l0^i19628
945    ^p350^l0^i25793
995    ^aกัณชพร
999    ^aใช้งานได้ทุกระบบ
รายการนี้ยังไม่มีแท็ก
คุณยังไม่ได้ล็อกอิน คุณสามารถมีกิจกรรมร่วมกับเว็บไซต์ได้ แต่ต้องล็อกอินก่อน ::
  ล็อกอิน

รายการสื่อสารสนเทศ

ลำดับที่ ประเภท เลขเรียก/บาร์โค้ด สถานที่ สถานะ
1. หนังสือสำรอง
หนังสือสำรอง
สถานะ=หนังสือเก่า
WB537 ว775ค  
  Barcode: 19628
ห้องสมุดวิทยาเขตนครสวรรค์
►ส่วนจัดเก็บหนังสือเก่า นว.
บนชั้น
  ขอยืม
2. วิทยาศาสตร์การแพทย์ และสุขภาพ
วิทยาศาสตร์การแพทย์ และสุขภาพ
สถานะ=หนังสือเก่า
WB537 ว775ค ฉ.2 
  Barcode: 25793
ห้องสมุดวิทยาเขตนครสวรรค์
►ส่วนจัดเก็บหนังสือเก่า นว.
บนชั้น
  ขอยืม

รายการใกล้เคียง
    ผู้แต่ง [วิสันต์ ท้าวสูงเนิน]

    หัวเรื่อง [การบำบัดด้วยการนวด]
    หัวเรื่อง [การนวด]

BibComment


ยังไม่เคยถูกคอมเมนท์

คอมเมนท์ทรัพยากรรายการนี้
  คอมเมนท์: คัมภีร์นวดแผนโบร..


 Copyright 2026. Bcnsprnw @Library